[Event "Faxe EMT 2003"]
[Site "Faxe"]
[Date "2003.04.23"]
[Round "5"]
[White "Wehlast, Svend Erik"]
[Black "Hansen, Arne Mandrup"]
[Result "1-0"]
[WhiteElo "1320"]
[BlackElo "1316"]
[PlyCount "88"]
[EventDate "2003.03.19"]

1. d4 Nf6 2. Nf3 e6 3. c4 b6 4. Nc3 Bb4 5. Bg5 Bb7 6. e3 O-O 7. a3 Be7 8. Bxf6
Bxf6 9. Bd3 g6 10. O-O d6 11. e4 e5 12. d5 c5 13. b4 Nd7 14. b5 a6 15. a4 a5
16. h3 h5 17. Nh2 Kg7 18. f3 Rh8 19. g3 g5 20. Ra2 Nf8 21. Rg2 Ng6 22. Ne2 Rb8
23. f4 exf4 24. gxf4 Kf8 25. fxg5 Be5 26. Nf3 Qe7 27. h4 Bc8 28. Nxe5 Qxe5 29.
Rgf2 Rh7 30. Rf6 Ke7 31. Qe1 Bg4 32. Qf2 Rf8 33. Rxg6 fxg6 34. Qxf8+ Kd7 35.
Rf7+ Rxf7 36. Qxf7+ Kc8 37. Qf6 Qxf6 38. gxf6 Kd8 39. Nf4 g5 40. hxg5 h4 41. g6
Ke8 42. Ne6 h3 43. f7+ Kd7 44. g7 Ke7 1-0

[Event "Faxe EMT 2003"]
[Site "Faxe"]
[Date "2003.04.23"]
[Round "5"]
[White "Andreasen, Per Anthoni"]
[Black "Christoffersen, Per"]
[Result "1-0"]
[WhiteElo "1554"]
[BlackElo "1369"]
[PlyCount "131"]
[EventDate "2003.03.19"]

1. d4 Nf6 2. c4 e6 3. Nc3 d5 4. Bg5 Bb4 5. e3 h6 6. Bh4 Nbd7 7. Bd3 Bxc3+ 8.
bxc3 b6 9. Nf3 O-O 10. cxd5 exd5 11. O-O Bb7 12. Bf5 Qe8 13. Bg3 Qd8 14. Ne5
Nxe5 15. Bxe5 Ne4 16. Bxe4 dxe4 17. Qg4 Qg5 18. Qxg5 hxg5 19. Rfc1 c5 20. Rab1
cxd4 21. cxd4 Rac8 22. h3 Rxc1+ 23. Rxc1 Rc8 24. Rxc8+ Bxc8 25. a3 a6 26. Kf1
f5 27. Bc7 b5 28. Ke2 Be6 29. Kd2 Kf7 30. Kc3 Bc4 31. g3 Bf1 32. d5 Bxh3 33.
Kd4 Ke7 34. Ke5 Kd7 35. Ba5 Bg4 36. Bb4 Bf3 37. Kxf5 g4 38. Kg6 Be2 39. Kxg7
Bc4 40. d6 a5 41. Bc5 Ke6 42. Kf8 Kd7 43. Kg7 Ke6 44. Kg6 Be2 45. Kg5 Bd1 46.
Kg6 Bf3 47. Kg7 Be2 48. Kf8 Kd7 49. Kf7 Bc4+ 50. Kf6 Be2 51. Ke5 Bd3 52. Kf4
Be2 53. Kxe4 Ke6 54. Kf4 Bf3 55. e4 Bg2 56. Kxg4 Bxe4 57. f4 Bc6 58. f5+ Kd5
59. f6 Bd7+ 60. Kg5 Ke6 61. Kg6 Be8+ 62. Kg7 Bh5 63. g4 Be8 64. g5 Bf7 65. d7
Kxd7 66. Kxf7 1-0

[Event "Faxe EMT 2003"]
[Site "Faxe"]
[Date "2003.04.23"]
[Round "5"]
[White "Eckert, Svend"]
[Black "Jensen, Herman"]
[Result "0-1"]
[WhiteElo "1585"]
[BlackElo "1615"]
[PlyCount "121"]
[EventDate "2003.03.19"]

1. c4 Nf6 2. d4 d6 3. Nc3 g6 4. Nf3 Bg7 5. g3 O-O 6. Bg2 Nbd7 7. O-O c6 8. e4
e5 9. Re1 Qc7 10. b3 Re8 11. Bb2 Nf8 12. Rc1 Bg4 13. d5 c5 14. Qc2 Qd7 15. Kh1
Nh5 16. Ng1 Qe7 17. h3 Bd7 18. Bf3 Bh6 19. Rb1 Ng7 20. Bc1 Bxc1 21. Rbxc1 f5
22. Qe2 h6 23. Kh2 Nh7 24. Bg2 Qf6 25. f3 Rf8 26. Rf1 Rf7 27. f4 exf4 28. gxf4
Re8 29. Qf2 Qd4 30. Nge2 Qxf2 31. Rxf2 Rfe7 32. e5 dxe5 33. d6 Re6 34. Bd5 e4
35. Rd1 Kf8 36. Bxe6 Nxe6 37. Nd5 Kf7 38. Kg3 Nhf8 39. Nec3 Nd4 40. Nc7 Rd8 41.
N3b5 Nxb5 42. cxb5 b6 43. Rfd2 g5 44. Rf1 Ng6 45. fxg5 hxg5 46. Rd5 f4+ 47. Kh2
Kf6 48. Rg1 Ne5 49. Rh1 Rh8 50. Kg2 e3 51. Rdd1 Bf5 52. Nd5+ Ke6 53. Nc3 Rg8
54. a3 g4 55. h4 g3 56. Rhf1 f3+ 57. Rxf3 Nxf3 58. Kxf3 Bg4+ 59. Kxe3 Bxd1 60.
Nxd1 g2 61. d7 0-1

[Event "Faxe EMT 2003"]
[Site "Faxe"]
[Date "2003.04.28"]
[Round "6"]
[White "Lillebro, Verner"]
[Black "Nielsen, Johannes"]
[Result "1-0"]
[WhiteElo "1300"]
[BlackElo "1192"]
[PlyCount "69"]
[EventDate "2003.03.19"]

1. d4 d5 2. c4 e6 3. cxd5 exd5 4. Bf4 Nf6 5. Nf3 Nc6 6. e3 Ne4 7. a3 h6 8. Qc2
Bf5 9. Qb3 b6 10. Nc3 Nxc3 11. Qxc3 Bd7 12. Bb5 Qf6 13. Rc1 O-O-O 14. Bxc6 Bxc6
15. Qxc6 Qxc6 16. Rxc6 Bd6 17. Bxd6 Rxd6 18. Rxd6 cxd6 19. O-O Kd7 20. Rc1 Rb8
21. h4 f6 22. g4 a5 23. Kg2 Re8 24. Rc3 Re4 25. Kg3 Re8 26. Rb3 Kc6 27. a4 Rb8
28. h5 Kd7 29. Nd2 Rc8 30. Rxb6 Rc1 31. Nb3 Rg1+ 32. Kf3 Ke6 33. Nxa5 f5 34.
gxf5+ Kxf5 35. Rxd6 1-0

[Event "Faxe EMT 2003"]
[Site "Faxe"]
[Date "2003.04.30"]
[Round "6"]
[White "Andreasen, Rene"]
[Black "Toftvang, Ove"]
[Result "0-1"]
[WhiteElo "1100"]
[BlackElo "1161"]
[PlyCount "78"]
[EventDate "2003.03.19"]

1. g3 d5 2. Bg2 Nf6 3. Nf3 Nc6 4. d4 b6 5. O-O Bf5 6. Nc3 Nb4 7. a3 Nxc2 8. Ra2
e6 9. Ne5 c5 10. dxc5 Bxc5 11. Nc6 Qd6 12. Nb4 Bxb4 13. axb4 Qxb4 14. e3 Qc5
15. Qe2 Nb4 16. Ra1 Bd3 17. Qd2 Bxf1 18. Bxf1 O-O 19. Na4 Qd6 20. b3 e5 21. Ba3
a5 22. Nc3 Qe6 23. Qe2 Rfc8 24. Bxb4 axb4 25. Rxa8 Rxa8 26. Na4 Ra5 27. Qe1 Qd6
28. Qc1 g6 29. Bh3 Ne4 30. f3 Nc5 31. Nxc5 Rxc5 32. Qd2 Rc3 33. Qa2 Qc5 34. Qf2
Qxe3 35. Qxe3 Rxe3 36. Kf1 Rxf3+ 37. Ke2 Rxb3 38. Kd2 Rb2+ 39. Kd3 Rxh2 0-1

[Event "Faxe EMT 2003"]
[Site "Faxe"]
[Date "2003.04.30"]
[Round "6"]
[White "Eriksen, Knud Ejler"]
[Black "Jensen, Niels"]
[Result "0-1"]
[WhiteElo "1297"]
[BlackElo "1349"]
[PlyCount "98"]
[EventDate "2003.03.19"]

1. d4 d5 2. c4 Bf5 3. Nc3 e6 4. a3 a6 5. e3 Nf6 6. Nf3 h6 7. h3 Nc6 8. Be2 Bd6
9. c5 Be7 10. O-O O-O 11. b4 b6 12. Bd3 Ne4 13. Qc2 bxc5 14. bxc5 Nxc3 15. Qxc3
Bxd3 16. Qxd3 Qe8 17. Bd2 Bf6 18. Nh2 Qd7 19. a4 e5 20. Bc3 exd4 21. exd4 Bg5
22. Nf3 Be7 23. Rfe1 Rfe8 24. Bd2 Bf6 25. Rab1 Rxe1+ 26. Bxe1 Ne7 27. a5 Ng6
28. Bd2 Ne7 29. Rb7 Nc6 30. Bf4 Nxa5 31. Rxc7 Qe6 32. Ne5 Nc4 33. Rc6 Nxe5 34.
Rxe6 Nxd3 35. Rd6 Nxf4 36. c6 a5 37. c7 a4 38. Rc6 Rc8 39. g3 Ne2+ 40. Kf1 Nxd4
41. Rc5 a3 42. Rxd5 Rxc7 43. Ra5 Rc1+ 44. Kg2 Rc3 45. Ra8+ Kh7 46. Ra7 Nb5 47.
Ra5 Nd6 48. h4 Nc4 49. Kh3 Nxa5 0-1

[Event "Faxe EMT 2003"]
[Site "Faxe"]
[Date "2003.04.30"]
[Round "6"]
[White "Refsgaard, Kaj"]
[Black "Strandsbjerg, Jens"]
[Result "1-0"]
[WhiteElo "1585"]
[BlackElo "1477"]
[PlyCount "103"]
[EventDate "2003.03.19"]

1. d4 d5 2. c4 e6 3. Nf3 Nf6 4. Bg5 Be7 5. e3 h6 6. Bh4 Ne4 7. Bxe7 Qxe7 8. c5
O-O 9. Bd3 Nf6 10. O-O Nc6 11. Nc3 e5 12. dxe5 Nxe5 13. Nxe5 Qxe5 14. Bc2 Ng4
15. g3 Nf6 16. Qd3 Re8 17. Rfe1 c6 18. Rad1 Bg4 19. Rb1 Bf3 20. Ne2 Rad8 21.
Nd4 Be4 22. Qe2 Bxc2 23. Qxc2 Qh5 24. Qf5 Re5 25. Qxh5 Rxh5 26. Kg2 Re8 27. h3
Rhe5 28. b4 a6 29. a4 Ne4 30. Rb3 g5 31. Re2 f5 32. f4 gxf4 33. gxf4 R5e7 34.
Nxf5 Re6 35. Kf3 Rg6 36. Rg2 Kh7 37. Rbb2 Ree6 38. Rxg6 Kxg6 39. Nd4 Rf6 40.
f5+ Kf7 41. Kf4 Nc3 42. a5 Ne4 43. h4 Kf8 44. Ne6+ Ke7 45. Rg2 Rf7 46. Rg6 Rh7
47. Ke5 h5 48. f6+ Kf7 49. Rg1 Ke8 50. Rg8+ Kf7 51. Rb8 Nf2 52. Ng5+ 1-0

[Event "Faxe EMT 2003"]
[Site "Faxe"]
[Date "2003.04.30"]
[Round "6"]
[White "Nielsen, Poul Erik2"]
[Black "Hansen, Arne Mandrup"]
[Result "0-1"]
[WhiteElo "1246"]
[BlackElo "1316"]
[PlyCount "100"]
[EventDate "2003.03.19"]

1. c4 f5 2. d4 Nf6 3. Nc3 e6 4. a3 c5 5. d5 d6 6. Bg5 g6 7. Nf3 Bg7 8. e4 fxe4
9. Nxe4 O-O 10. dxe6 Qa5+ 11. Bd2 Qc7 12. Neg5 Qe7 13. Qe2 h6 14. Nf7 Bxe6 15.
Nxh6+ Kh8 16. O-O-O Nc6 17. Re1 Rfe8 18. Qd3 Bxh6 19. Bxh6 Qh7 20. Bd2 Bf5 21.
Rxe8+ Rxe8 22. Qxd6 Ne4 23. Qf4 Rd8 24. Qh6 Qxh6 25. Bxh6 Nxf2 26. Be2 Nxh1 27.
Ng5 Rd7 28. g4 Nf2 29. gxf5 gxf5 30. Bh5 Ng4 31. Nf7+ Rxf7 32. Bxf7 Nxh6 33.
Be6 f4 34. Kd2 Nd4 35. Bd5 b6 36. Ke1 Ng4 37. h3 Ne3 38. Kf2 Nxd5 39. cxd5 Kg7
40. h4 Kf6 41. h5 Kg5 42. d6 Kxh5 43. d7 Ne6 44. Kf3 Kg5 45. b3 Kf5 46. a4 Ke5
47. Ke2 Kd6 48. d8=Q+ Nxd8 49. Kf3 Ne6 50. Ke4 a6 0-1

[Event "Faxe EMT 2003"]
[Site "Faxe"]
[Date "2003.04.30"]
[Round "6"]
[White "Hansen, Egon"]
[Black "Andreasen, Per Anthoni"]
[Result "1-0"]
[WhiteElo "1682"]
[BlackElo "1554"]
[PlyCount "123"]
[EventDate "2003.03.19"]

1. Nf3 d5 2. d4 Nf6 3. c4 e6 4. e3 c5 5. Nc3 cxd4 6. exd4 dxc4 7. Bxc4 Nbd7 8.
O-O a6 9. Re1 Bd6 10. Qe2 Nb6 11. Bd3 Bb4 12. a3 Be7 13. Bg5 h6 14. Be3 Nfd5
15. Rac1 O-O 16. Be4 Nxc3 17. Rxc3 f5 18. Bb1 Nd5 19. Rcc1 Bd7 20. Ba2 Bb5 21.
Qd2 f4 22. Bxd5 Qxd5 23. Bxf4 Bc6 24. Qe3 Rf6 25. Qe5 Qxe5 26. Bxe5 Rg6 27. Bg3
Bxf3 28. gxf3 h5 29. Kh1 Rf8 30. Rc3 h4 31. Be5 Bf6 32. Rg1 Rxg1+ 33. Kxg1 Bxe5
34. dxe5 Rf5 35. Kg2 Rxe5 36. Re3 Rxe3 37. fxe3 Kf7 38. Kh3 g5 39. Kg4 Kg6 40.
f4 b5 41. fxg5 h3 42. Kxh3 Kxg5 43. Kg3 e5 44. Kf3 Kf5 45. h4 e4+ 46. Kg3 a5
47. h5 b4 48. axb4 axb4 49. h6 Kg6 50. Kf4 Kxh6 51. Kxe4 Kg6 52. Ke5 b3 53. Ke6
Kg5 54. e4 Kf4 55. Kd5 Ke3 56. e5 Kd3 57. e6 Kc2 58. e7 Kxb2 59. e8=Q Ka1 60.
Qa4+ Kb2 61. Kc4 Kc1 62. Qxb3 1-0

[Event "Faxe EMT 2003"]
[Site "Faxe"]
[Date "2003.04.30"]
[Round "6"]
[White "Hansen, Knud"]
[Black "Jensen, Herman"]
[Result "1/2-1/2"]
[WhiteElo "1649"]
[BlackElo "1615"]
[PlyCount "113"]
[EventDate "2003.03.19"]

1. e4 d6 2. d3 g6 3. Nf3 Bg7 4. Be2 Nf6 5. Nbd2 Bd7 6. c3 c5 7. Nc4 O-O 8. O-O
Nc6 9. Bd2 Qc7 10. h3 Rab8 11. Qc1 b5 12. Ne3 e6 13. Nd1 Rfe8 14. Bf4 e5 15.
Bh6 Nh5 16. Bxg7 Nf4 17. Re1 Kxg7 18. Bf1 Qd8 19. Ne3 b4 20. Kh2 Ne7 21. Nc4
Qc7 22. g3 Ne6 23. Qd2 Rf8 24. Bg2 Bc6 25. Rac1 f5 26. Ng1 f4 27. Qe2 h6 28.
Nf3 g5 29. g4 Be8 30. Qd2 Ng6 31. d4 bxc3 32. bxc3 Bb5 33. Na3 a6 34. d5 Nd8
35. c4 Ba4 36. Rb1 Nf7 37. Rxb8 Rxb8 38. Rb1 Rxb1 39. Nxb1 Qb6 40. Qc1 Qb4 41.
Nfd2 Nd8 42. Qa3 a5 43. Qc3 Nb7 44. Qc1 Nh4 45. Bf1 Kf6 46. a3 Qb6 47. Nc3 Be8
48. Be2 Ng6 49. Qb1 Qxb1 50. Ndxb1 Ne7 51. Bd1 Nc8 52. Ba4 Ke7 53. Bxe8 Kxe8
54. Na4 Kd8 55. Nbc3 Kd7 56. Kg2 Nd8 57. f3 1/2-1/2

[Event "Faxe EMT 2003"]
[Site "Faxe"]
[Date "2003.04.30"]
[Round "6"]
[White "Christoffersen, Per"]
[Black "Karstensen, Preben"]
[Result "1/2-1/2"]
[WhiteElo "1369"]
[BlackElo "1624"]
[PlyCount "106"]
[EventDate "2003.03.19"]

1. d4 d5 2. c4 c6 3. Nf3 Nf6 4. Nc3 a6 5. e3 Bg4 6. h3 Bxf3 7. Qxf3 e6 8. Bd3
Nbd7 9. O-O dxc4 10. Bxc4 Be7 11. Rd1 Nb6 12. Bb3 O-O 13. e4 h6 14. Qg3 Kh8 15.
Be3 Nbd7 16. f3 Qe8 17. Rac1 Nh5 18. Qf2 g5 19. Ne2 Ndf6 20. d5 exd5 21. exd5
Nxd5 22. Bxd5 cxd5 23. Rxd5 Rd8 24. Re5 f6 25. Re4 Rd7 26. Bb6 Qf7 27. Qe3 Ng7
28. g4 Bd6 29. b3 Be5 30. Bd4 Bxd4 31. Nxd4 f5 32. Nxf5 Nxf5 33. gxf5 Qxf5 34.
Re8 Rdf7 35. Rxf8+ Rxf8 36. Qd4+ Qf6 37. Qxf6+ Rxf6 38. Kf2 Kg7 39. Rc7+ Rf7
40. Rxf7+ Kxf7 41. Ke3 Ke6 42. f4 Kf5 43. fxg5 hxg5 44. Kf3 b6 45. b4 a5 46.
bxa5 bxa5 47. a4 Kg6 48. Kg4 Kf6 49. Kg3 Ke5 50. Kf3 Kf5 51. Ke3 Ke5 52. Kf3
Kf5 53. Kg3 Kg6 1/2-1/2

[Event "Faxe EMT 2003"]
[Site "Faxe"]
[Date "2003.04.30"]
[Round "6"]
[White "Gisli, Theodor"]
[Black "Eckert, Svend"]
[Result "1/2-1/2"]
[WhiteElo "1681"]
[BlackElo "1585"]
[PlyCount "112"]
[EventDate "2003.03.19"]

1. f4 d5 2. Nf3 g6 3. g3 Bg7 4. Bg2 Nc6 5. c3 e5 6. fxe5 Nxe5 7. O-O Ne7 8. d4
Ng4 9. Nbd2 Ne3 10. Qa4+ Bd7 11. Qb3 Nxf1 12. Nxf1 Bc6 13. Bf4 O-O 14. Ne3 b6
15. Ng4 Bb7 16. Rf1 c6 17. Qd1 Nf5 18. Qd2 Re8 19. Nh6+ Bxh6 20. Bxh6 Qe7 21.
Ne5 Nxh6 22. Qxh6 f6 23. Ng4 Rf8 24. Qh4 Rae8 25. Nxf6+ Rxf6 26. Qxf6 Qxf6 27.
Rxf6 Rxe2 28. Rf2 Re1+ 29. Bf1 c5 30. dxc5 bxc5 31. h4 Kg7 32. Kh2 Re5 33. Re2
Kf6 34. Rf2+ Rf5 35. Kg1 Ke5 36. Bg2 Ba6 37. Rxf5+ gxf5 38. Kf2 d4 39. cxd4+
cxd4 40. Ke1 Bd3 41. a4 a5 42. Kd2 Be4 43. Bf1 f4 44. gxf4+ Kxf4 45. Bd3 h6 46.
Bxe4 Kxe4 47. b4 axb4 48. a5 b3 49. a6 b2 50. Kc2 d3+ 51. Kxb2 Ke3 52. a7 d2
53. a8=Q d1=Q 54. Qe8+ Kf2 55. Qf8+ Kg3 56. Qxh6 Qd4+ 1/2-1/2

[Event "Faxe EMT 2003"]
[Site "Faxe"]
[Date "2003.05.05"]
[Round "6"]
[White "Hansen, Ove Bonnelykke"]
[Black "Wehlast, Svend Erik"]
[Result "1/2-1/2"]
[WhiteElo "1627"]
[BlackElo "1320"]
[PlyCount "102"]
[EventDate "2003.03.19"]

1. d4 d5 2. Nf3 h6 3. e3 Nf6 4. c4 e6 5. Nc3 Bb4 6. Bd2 Bxc3 7. Bxc3 c6 8. cxd5
Nxd5 9. Rc1 O-O 10. Bd3 Nd7 11. O-O Nxc3 12. Rxc3 Re8 13. Qc2 e5 14. dxe5 Nxe5
15. Be2 Nxf3+ 16. Bxf3 Qf6 17. Rd1 Be6 18. a3 Rad8 19. Rcd3 Rxd3 20. Qxd3 Qg5
21. Kh1 Bg4 22. Bxg4 Qxg4 23. f3 Qe6 24. e4 b6 25. b4 f5 26. Re1 f4 27. Rd1 c5
28. Kg1 c4 29. Qd2 Qe5 30. Kf2 b5 31. Qc2 a6 32. Rd5 Qf6 33. Qd2 Qh4+ 34. Kg1
Qf6 35. Kf2 Qh4+ 36. Kg1 Qf6 37. h3 Qa1+ 38. Kh2 Qxa3 39. Rd7 Kh8 40. Rc7 Qe3
41. Qd7 Rg8 42. Qd6 c3 43. Qc5 Rd8 44. Qe5 Rg8 45. Qxc3 Qf2 46. Rc6 Qg3+ 47.
Kg1 Rd8 48. Rxh6+ Kg8 49. Qb3+ Kf8 50. Rh8+ Ke7 51. Rxd8 Qe1+ 1/2-1/2

[Event "Faxe EMT 2003"]
[Site "Faxe"]
[Date "2003.05.07"]
[Round "7"]
[White "Eckert, Svend"]
[Black "Strandsbjerg, Jens"]
[Result "1-0"]
[WhiteElo "1585"]
[BlackElo "1477"]
[PlyCount "43"]
[EventDate "2003.03.19"]

1. e4 e6 2. Nc3 d5 3. exd5 exd5 4. d4 Nf6 5. Bd3 h6 6. Nge2 c6 7. O-O Bd6 8.
Bf4 O-O 9. Qd2 Qc7 10. Bxh6 Bxh2+ 11. Kh1 Ng4 12. Bxg7 Qe7 13. Bxf8 Qh4 14. g3
Nxf2+ 15. Kg2 Bh3+ 16. Kxf2 Bxg3+ 17. Nxg3 Qxd4+ 18. Qe3 Qxe3+ 19. Kxe3 Nd7 20.
Rh1 Re8+ 21. Kd2 Bg4 22. Bd6 1-0

[Event "Faxe EMT 2003"]
[Site "Faxe"]
[Date "2003.05.07"]
[Round "7"]
[White "Andreasen, Per Anthoni"]
[Black "Jensen, Niels"]
[Result "1-0"]
[WhiteElo "1554"]
[BlackElo "1349"]
[PlyCount "117"]
[EventDate "2003.03.19"]

1. d4 d5 2. c4 Bf5 3. Nc3 e6 4. Nf3 Nc6 5. Bg5 Nge7 6. e3 h6 7. Bh4 Qd7 8. a3
Ng6 9. Bg3 Bd6 10. cxd5 exd5 11. Bxd6 Qxd6 12. Qb3 Be6 13. Rc1 O-O 14. Bd3 Na5
15. Qc2 Bg4 16. Nb5 Qc6 17. Qxc6 Nxc6 18. Nxc7 Rad8 19. Rc5 Nge7 20. Bb5 b6 21.
Rc1 Rc8 22. Nxd5 Nxd5 23. Rxc6 Rxc6 24. Bxc6 Ne7 25. Ne5 Be6 26. Bb5 Rc8 27.
Kd2 f6 28. Nd3 Nf5 29. Nf4 Bf7 30. Bd7 Rc7 31. Bxf5 g5 32. Nd3 Kf8 33. Rc1 Rxc1
34. Kxc1 Ke7 35. Nb4 Kd6 36. Kd2 a5 37. Nc2 Bb3 38. Kc3 Bxc2 39. Kxc2 Kd5 40.
Kd3 h5 41. e4+ Kd6 42. Kc4 h4 43. Kb5 Kc7 44. d5 Kd6 45. Kxb6 a4 46. f3 Ke5 47.
Kc7 Kd4 48. d6 Kc4 49. d7 Kb3 50. d8=Q Kxb2 51. Qxf6+ Kxa3 52. Qc3+ Ka2 53.
Be6+ Kb1 54. Qb4+ Kc1 55. Qxa4 Kd2 56. Qd4+ Ke2 57. Bc4+ Ke1 58. Qb2 Kd1 59.
Bd3 1-0

[Event "Faxe EMT 2003"]
[Site "Faxe"]
[Date "2003.05.07"]
[Round "7"]
[White "Toftvang, Ove"]
[Black "Eriksen, Knud Ejler"]
[Result "1-0"]
[WhiteElo "1161"]
[BlackElo "1297"]
[PlyCount "61"]
[EventDate "2003.03.19"]

1. d4 d5 2. c4 Nf6 3. Nf3 Bf5 4. Nc3 e6 5. Bf4 Bb4 6. Qa4+ Nc6 7. Ne5 Bxc3+ 8.
bxc3 Qd6 9. c5 Qd8 10. Nxc6 Qd7 11. e3 bxc6 12. Be2 O-O 13. O-O Ne4 14. Rfc1
Rfb8 15. f3 Nf6 16. c4 Rb2 17. Bf1 h6 18. Qa3 Rb7 19. Bd3 Bxd3 20. Qxd3 a5 21.
Be5 Qe7 22. Rcb1 Rab8 23. Rxb7 Rxb7 24. Rb1 Rxb1+ 25. Qxb1 Qd8 26. Qb7 Ne8 27.
Qxc6 dxc4 28. Qa4 Qd5 29. Qxe8+ Kh7 30. Qxf7 c3 31. Qxg7# 1-0

[Event "Faxe EMT 2003"]
[Site "Faxe"]
[Date "2003.05.05"]
[Round "7"]
[White "Hansen, Egon"]
[Black "Jensen, Herman"]
[Result "0-1"]
[WhiteElo "1682"]
[BlackElo "1615"]
[PlyCount "64"]
[EventDate "2003.03.19"]

1. d4 Nf6 2. c4 g6 3. Nc3 Bg7 4. e4 d6 5. f3 Nbd7 6. Be3 O-O 7. Qd2 e5 8. Nge2
a6 9. Rg1 c6 10. g4 b5 11. Ng3 exd4 12. Bxd4 b4 13. Na4 c5 14. Be3 Qa5 15. Bh6
Ne5 16. Be2 Qxa4 17. Bxg7 Kxg7 18. Nf5+ Bxf5 19. gxf5 b3 20. a3 Nxc4 21. Qc3
Ne5 22. O-O-O c4 23. Rxd6 Rfe8 24. Rgd1 Rac8 25. R1d4 gxf5 26. exf5 Qb5 27. Qd2
Nd3+ 28. Bxd3 cxd3+ 29. Kd1 Qxf5 30. Rf4 Qe5 31. Rdxf6 Qe2+ 32. Qxe2 dxe2+ 0-1

[Event "Faxe EMT 2003"]
[Site "Faxe"]
[Date "2003.05.07"]
[Round "7"]
[White "Karstensen, Preben"]
[Black "Hansen, Ove Bonnelykke"]
[Result "1/2-1/2"]
[WhiteElo "1624"]
[BlackElo "1627"]
[PlyCount "62"]
[EventDate "2003.03.19"]

1. d4 d5 2. c4 Nf6 3. Nf3 e6 4. e3 c6 5. a3 Be7 6. Be2 O-O 7. O-O Nbd7 8. Nbd2
Qc7 9. b4 b6 10. Bb2 Bb7 11. Rc1 Rac8 12. cxd5 exd5 13. Bd3 Rfe8 14. g3 Bd6 15.
Re1 Ne4 16. Bxe4 dxe4 17. Nh4 Nf6 18. Nf5 Ba6 19. Nxd6 Qxd6 20. Nc4 Qe6 21. Ne5
Qh3 22. f3 Qe6 23. Rc2 Bb5 24. Rd2 h6 25. f4 Re7 26. Qa1 Ng4 27. Nxg4 Qxg4 28.
Rc1 Qf3 29. Rc3 Rec7 30. Rf2 Qg4 31. Rd2 Qf5 1/2-1/2

[Event "Faxe EMT 2003"]
[Site "Faxe"]
[Date "2003.05.07"]
[Round "7"]
[White "Lillebro, Verner"]
[Black "Hansen, Erik Friberg"]
[Result "0-1"]
[WhiteElo "1300"]
[BlackElo "1228"]
[PlyCount "84"]
[EventDate "2003.03.19"]

1. d4 d5 2. c4 e6 3. cxd5 exd5 4. Bf4 Nf6 5. a3 Bf5 6. Nc3 a6 7. e3 b5 8. Nf3
Nbd7 9. Bd3 Bxd3 10. Qxd3 Rc8 11. b4 Bd6 12. Bxd6 cxd6 13. O-O O-O 14. Rac1 Nb6
15. Qf5 Qd7 16. Qxd7 Nbxd7 17. Nd2 Nb6 18. Rc2 Rc7 19. Rfc1 Rfc8 20. h3 Ne4 21.
Nxd5 Rxc2 22. Rxc2 Rxc2 23. Ne7+ Kf8 24. Ng6+ hxg6 25. Nxe4 Ke7 26. g4 f6 27.
Kg2 Nc4 28. h4 Nxa3 29. Kf3 Rb2 30. Nc3 Kd7 31. Nd5 Nc2 32. Nf4 Rxb4 33. Nd3
Rb1 34. Kf4 b4 35. f3 Ne1 36. Nxe1 Rxe1 37. g5 b3 38. gxf6 gxf6 39. Ke4 b2 40.
h5 b1=Q+ 41. Kd5 Qb5+ 42. Ke4 Qf5# 0-1

[Event "Faxe EMT 2003"]
[Site "Faxe"]
[Date "2003.05.07"]
[Round "7"]
[White "Nielsen, Poul Erik2"]
[Black "Andreasen, Rene"]
[Result "1-0"]
[WhiteElo "1246"]
[BlackElo "1100"]
[PlyCount "47"]
[EventDate "2003.03.19"]

1. Nf3 b6 2. d4 Bb7 3. d5 e6 4. dxe6 fxe6 5. a3 Nc6 6. c4 Nf6 7. Nc3 Bc5 8. e3
d5 9. cxd5 exd5 10. b4 Be7 11. Bb5 Nh5 12. Ne5 O-O 13. Bxc6 Bxc6 14. Nxc6 Qd6
15. Nxe7+ Qxe7 16. Qxh5 Qf6 17. Qxd5+ Kh8 18. Qd2 Rad8 19. Qc2 c5 20. O-O cxb4
21. axb4 Rd7 22. Bb2 Qh4 23. Ne2 Qxb4 24. Ba3 1-0

[Event "Faxe EMT 2003"]
[Site "Faxe"]
[Date "2003.05.07"]
[Round "7"]
[White "Hansen, Knud"]
[Black "Refsgaard, Kaj"]
[Result "1/2-1/2"]
[WhiteElo "1649"]
[BlackElo "1585"]
[PlyCount "30"]
[EventDate "2003.03.19"]

1. e4 c5 2. Bc4 Nc6 3. a3 e6 4. d3 Nf6 5. h3 Be7 6. Nf3 d5 7. exd5 Nxd5 8. O-O
O-O 9. Nbd2 b6 10. Ne4 Bb7 11. Ba2 Nf6 12. Nxf6+ Bxf6 13. c3 Qe7 14. Be3 Rad8
15. Qc2 Ne5 1/2-1/2

[Event "Faxe EMT 2003"]
[Site "Faxe"]
[Date "2003.05.07"]
[Round "7"]
[White "Wehlast, Svend Erik"]
[Black "Gisli, Theodor"]
[Result "0-1"]
[WhiteElo "1320"]
[BlackElo "1681"]
[PlyCount "96"]
[EventDate "2003.03.19"]

1. d4 e6 2. c4 f5 3. Nf3 Nf6 4. Bg5 Bb4+ 5. Nc3 O-O 6. e3 d6 7. a3 Bxc3+ 8.
bxc3 Nbd7 9. Be2 Qe8 10. Bxf6 Nxf6 11. Qc2 b6 12. h3 Bb7 13. Rh2 Ne4 14. Bd3
Qg6 15. Bxe4 Bxe4 16. Qd2 Bxf3 17. Kf1 Be4 18. f3 Qg3 19. Rh1 Bb7 20. d5 exd5
21. cxd5 Qe5 22. Kf2 Bxd5 23. Rhc1 Rf6 24. Qd4 Re8 25. Rd1 Bf7 26. Qxe5 Rxe5
27. f4 Rb5 28. Rab1 Rxb1 29. Rxb1 Bd5 30. g4 fxg4 31. hxg4 h6 32. Rg1 g5 33.
Kg3 Bc4 34. f5 c5 35. Rd1 d5 36. e4 dxe4 37. Rd8+ Kg7 38. Re8 Bd3 39. Re7+ Rf7
40. Re6 b5 41. Kf2 h5 42. Rg6+ Kh7 43. Rxg5 hxg4 44. Rh5+ Kg7 45. Kg3 e3 46.
f6+ Rxf6 47. Rxc5 e2 48. Re5 Rf1 0-1

[Event "Faxe EMT 2003"]
[Site "Faxe"]
[Date "2003.05.07"]
[Round "7"]
[White "Hansen, Arne Mandrup"]
[Black "Christoffersen, Per"]
[Result "1/2-1/2"]
[WhiteElo "1316"]
[BlackElo "1369"]
[PlyCount "59"]
[EventDate "2003.03.19"]

1. d4 d5 2. Bf4 Nf6 3. e3 e6 4. Nf3 c5 5. Bb5+ Bd7 6. Nc3 Qb6 7. a4 Bd6 8. Ne5
cxd4 9. exd4 Bb4 10. Bxd7+ Nbxd7 11. O-O Bxc3 12. bxc3 Rc8 13. Nxd7 Kxd7 14.
Ra3 Ne4 15. Qa1 Qa5 16. Rb1 b6 17. Rb5 Qa6 18. f3 Nd6 19. Bxd6 Kxd6 20. Qf1 Rc4
21. Rb4 Rhc8 22. Rxc4 Rxc4 23. Qa1 Rc6 24. Kf2 Qc8 25. Qe1 Qd8 26. Qe5+ Kd7 27.
Qxg7 Qh4+ 28. Qg3 Qh6 29. f4 Qh5 30. Ke1 1/2-1/2